Top 30 Tallest NBA Players (2012-2013) - Statistics

General Stats
  • This quiz has been taken 6,072 times
  • The average score is 5 of 31
Answer Stats
Height Player % Correct
7'0 Pau Gasol
52%
7'1 Marc Gasol
51%
7'2 Roy Hibbert
49%
7'3 Hasheem Thabeet
39%
7'0 Dirk Nowitzki
36%
7'1 Tyson Chandler
35%
7'0 Brook Lopez
26%
7'0 Robin Lopez
25%
7'0 Andrew Bynum
23%
7'0 Andrew Bogut
21%
7'0 JaVale McGee
17%
7'0 Chris Kaman
15%
7'1 Timofey Mozgov
15%
7'0 Omer Asik
12%
7'2 Hames Haddadi
8%
7'0 Nikola Vucevic
8%
7'1 Spencer Hawes
6%
7'0 Tyler Zeller
6%
7'0 Kosta Koufos
4%
7'1 Meyers Leonard
4%
7'0 Miles Plumlee
4%
7'0 Brendan Haywood
3%
7'0 Fab Melo
3%
7'0 Jason Collins
3%
7'1 Joel Przybilla
3%
7'0 Aaron Gray
2%
7'0 Andres Biedrins
2%
7'0 Byron Mullens
2%
7'0 Desagana Diop
2%
7'0 Ryan Hollins
2%
7'0 Johan Petro
1%
No matching quizzes found
Score Distribution
Percent of People with Each Score
Percentile by Number Answered
Your Score History
You have not taken this quiz